Ring Pop Flavors - Statistics

General Stats
  • This quiz has been taken 5 times
  • The average score is 6 of 24
Answer Stats
Flavor % Correct
Cherry
100%
Lime
100%
Strawberry
100%
Blue Raspberry
75%
Grape
75%
Watermelon
75%
Tropical Lemonade
25%
Blue Mystery
0%
Cherry Blast
0%
Cherry Limeade
0%
Fruit Punch
0%
Green Mystery
0%
Pink Mystery
0%
Rainbow Sherbert
0%
Sour Cherry
0%
Sour Cherry Berry
0%
Sour Green Apple
0%
Sour Lemonade
0%
Sour Raspberry Lemonade
0%
Sour Watermelon
0%
Strawberry WatermelonSplash
0%
Tropical VeryBerry Punch
0%
Twisted Berry Stream
0%
Yellow Mystery
0%
No matching quizzes found
Score Distribution
Percent of People with Each Score
Percentile by Number Answered
Your Score History
You have not taken this quiz